| 000 | 00345nam a2200133Ia 4500 | ||
|---|---|---|---|
| 008 | 191014s9999 xx 000 0 und d | ||
| 020 | _a978-1-545-42322-6 | ||
| 082 |
_a620 _bNOV |
||
| 100 |
_aKyle Novak _920467 |
||
| 245 | 0 | _aNumerical Methods for Scientific Computing | |
| 260 |
_aUSA _bKyle A.Novak _c2017 |
||
| 300 | _aX,449 | ||
| 942 | _cBK | ||
| 999 |
_c531334 _d531334 |
||